LEADER 00926nam0-22003131i-450- 001 990003217550403321 010 $a88-204-3160-2 035 $a000321755 035 $aFED01000321755 035 $a(Aleph)000321755FED01 035 $a000321755 100 $a20000920d1988----km-y0itay50------ba 101 0 $aita 102 $aIT 200 1 $aTeoria della metodologia sociologica$eUna metodologia integrata per la ricerca sociale$fCostantino Cipolla. 210 $aMilano$cFranco Angeli$d\copyr.\\1988. 215 $a551 p.$d21 cm 225 1 $a<>Prisma$fCollana diretta da Achille Ardig̣$v20 676 $a10320 676 $a11130 702 1$aCipolla,$bCostantino$f<1946- > 801 0$aIT$bUNINA$gRICA$2UNIMARC 901 $aBK 912 $a990003217550403321 952 $a10320 CIP$b8028$fSES 959 $aSES 996 $aTeoria della metodologia sociologica$9455468 997 $aUNINA DB $aING01 LEADER 01099nam0-2200349---450- 001 990008278800403321 005 20060220170759.0 010 $a88-464-0370-3 035 $a000827880 035 $aFED01000827880 035 $a(Aleph)000827880FED01 035 $a000827880 100 $a20060220d1997----km-y0itay50------ba 101 1 $afre$cita 102 $aIT 105 $ay---n----00yy 200 1 $a<>gestione collettiva dell'informazione$eGED, workflow e groupware al servizio dell'impresa del futuro$fMartin Ader 210 $aMilano$cFrancoAngeli$d©1997 215 $a184 p.$d23 cm 225 1 $aCollana dei Quaderni di informatica$v26 300 $aTrad. di Cinzia Forasiepi 610 0 $aOrganizzazione$agestione delle informazioni$aautomazione 676 $a658.403 8$v21$zita 676 $a658.40380285$v21$zita 700 1$aAder,$bMartin$0499828 801 0$aIT$bUNINA$gRICA$2UNIMARC 901 $aBK 912 $a990008278800403321 952 $a658.4038 ADE 1$b8049$fBFS 959 $aBFS 996 $aGestione collettiva dell'informazione$9741665 997 $aUNINA LEADER 01022nam0-2200325---450- 001 990008166390403321 005 20050719151255.0 010 $a0-8133-3275-3 035 $a000816639 035 $aFED01000816639 035 $a(Aleph)000816639FED01 035 $a000816639 100 $a20050719d2003----km-y0itay50------ba 101 0 $aeng 102 $aUS 105 $a--------001cy 200 1 $aAct of creation$ethe founding of the United Nations$ea story of superpowers, secret agents, wartime allies and enemies, and their quest for peaceful world$fStephen C. Schlesinger 210 $aCambridge$cWestview Press$d©2003 215 $axviii, 374 p.$d22 cm 320 $aContiene bibl. (pp. 349-355) 610 0 $aNazioni Unite$aStoria 676 $a341.23$v21$zita 700 1$aSchlesinger,$bStephen C.$0498247 801 0$aIT$bUNINA$gRICA$2UNIMARC 901 $aBK 912 $a990008166390403321 952 $a341.23 SCH 1$b2836$fBFS 959 $aBFS 996 $aAct of creation$9736304 997 $aUNINA LEADER 00767nam0-2200289---450- 001 990009169760403321 005 20100408120359.0 035 $a000916976 035 $aFED01000916976 035 $a(Aleph)000916976FED01 035 $a000916976 100 $a20100408g196-----km-y0itay50------ba 101 0 $aita 102 $aIT 105 $aa-------001yy 200 1 $a<>elettroencefalogramma del bambino normale$fA. Fois 210 $aPisa$cV. Baldacci$d[196-] 215 $a140 p.$cill.$d25 cm 610 0 $aPediatria 676 $a616.7 801 0$aIT$bUNINA$gRICA$2UNIMARC 901 $aBK 912 $a990009169760403321 952 $a8 A 4$b727$fDMEPE 959 $aDMEPE 996 $aElettroencefalogramma del bambino normale$9780456 997 $aUNINA LEADER 01101nam0-22002891i-450- 001 990006011260403321 005 20101001103108.0 035 $a000601126 035 $aFED01000601126 035 $a(Aleph)000601126FED01 035 $a000601126 100 $a20000112d1977----km-u0itay50------ba 101 0 $aita 102 $aIT 105 $ay-------101yy 200 1 $a<>progetto speciale per l'area metropolitana di Napoli nel contesto dell'azione per lo sviluppo equilibrato della Campania$eatti del convegno indetto dalla Giunta regionale con l'adesione del Comune di Napoli, dell'ANCI e dello UPI, Napoli Sala dei Baroni, 18 Luglio 1977$fRegione Campania 210 $aNapoli$cSO.GRA.ME$d1977 215 $a173 p.$d22 cm 676 $a353.9 710 01$aCampania$c$0270004 801 0$aIT$bUNINA$gRICA$2UNIMARC 901 $aBK 912 $a990006011260403321 952 $aCONGR. P 75$b119387$fFGBC 959 $aFGBC 996 $aProgetto speciale per l'area metropolitana di Napoli nel contesto dell'azione per lo sviluppo equilibrato della Campania$9581913 997 $aUNINA